Culture Générale - Clic Quiz - La réponse est en image #17 - Statistiques

Statistiques générales
  • Ce quiz a été pris 473 fois
  • Le résultat moyen est 27 sur 40
Statistiques - réponses
Hint Réponse % Correct
Le pouce levé
90%
Paresseux
90%
Cerisier du Japon
89%
Le majeur levé
87%
L'index levé
87%
Amandier
87%
Jenifer Aniston (en emoji par IA)
85%
Houx
85%
Mimosa
85%
L'auriculaire levé
84%
Eucalyptus
84%
Eva Longoria (en emoji par IA)
83%
Furet
81%
Catalogne
81%
Les Républicains
76%
L'annulaire levé
75%
Loutre
73%
Le Parti Reconquête
71%
Blaireau
70%
Pentagramme
70%
Halle berry (en emoji par IA)
68%
Anthony Joshua (Boxe)
66%
La France Insoumise
65%
Moufette (ou Mouffette)
64%
Le Rassemblement National
63%
Jessica Chastain (en emoji par IA)
62%
Le Parti Socialiste
62%
Guerschon Yabusele (Basket)
61%
Louis Bielle-Biarrey (Rugby)
60%
Pays basque
56%
Rosamund Pike (en emoji par IA)
54%
Mjølnir
52%
Triquetra
49%
Frances Tiafoe (Tennis)
45%
Travis Kelce (Football Américain)
39%
Navarre
38%
Ouroboros
37%
Khaṇḍā
33%
Andalousie
27%
Galice
21%
Aucun quiz correspondant
Distribution des résultats
% des personnes avec chaque résultat
Percentile par nombre de réponses
Votre historique - résultats
Vous n’avez pas pris ce quiz